00468nam a2200169 a 450008200130000010000200001324500190003326000360005230000090008850000350009750500120013265000210014470000200016594200070018595200910019299900150028300a201bHAR aHartshrone, M H aFaith to Doubt aUsabPrentice-Hall, Inc.,c1963 a111p aincludes index and biblioraphy2 a(Notes) aFaith and Reason1 aHartshrone, M H cBK 00104070aHMIbHMId2008-03-06g0.00l0o201 HARp02250r2008-03-06w2026-01-16yBK c2782d2782